000 01186nam0a2200337 4500
001 RU\NLR\BIBL_A\012321696
005 20200915110646.0
010 _a978-5-6043953-9-4
010 _a978-5-6044411-2-1
_bч.2
_9100
021 _aRU
_bКН-П-20-024138
_9КН-П-20-1878
035 _a(NLR Aleph) 012321696
090 _a11425275
_c11425275
100 _a20200826d2020 u y0rusy50 ca
101 0 _arus
102 _aRU
105 _aa|||z|||000zy
181 0 _ai
_baxxe
182 0 _an
200 1 _aПланеты
_fАвессалом Подводный
203 _aТекст
_bвизуальный
_cнепосредственный
210 _aНижний Новгород
_cМосквичев А.Г.
_d2020
215 _a392, [9] с.
_cил.
225 1 _aСерия "Общая астрология"
_vч. 2
333 _a16+
606 1 _aАстрология
_2nlr_sh1
_2nlr_sh2
_3RU\NLR\AUTH\66156241
686 1 _aЭ391.211
700 1 _aПодводный
_bА. Б.
_f1953-2018
_gАвессалом Бонифатьевич
_3RU\NLR\AUTH\779743
_4070
942 _cBOOK
980 _aNB